000 00595nam a22002057a 4500
005 20251007134902.0
006 a|||||r|||| 00| 0
007 ta
008 251007b2011 ag ||||| |||| 00| 0 spa d
020 _a9789871604135
040 _aAR-EsCIE
100 1 _aCáceres, Darvin
_9998
245 1 0 _aPlántulas de especies forestales de la provincia de Formosa /
_cDarvin A. Cáceres.
260 _aFormosa :
_bUniversidad Nacional de Formosa,
_c2011.
300 _a225 p.
_bfoto
650 4 _aPLANTULAS
_9320
650 0 _aFORMOSA (ARGENTINA)
_9999
910 _aPG251007
942 _2ddc
_cBK
_n0
999 _c483
_d483